Musique sur une carte - États-Unis - Statistiques

Statistiques générales
  • Ce quiz a été pris 790 fois
  • Le résultat moyen est 13 sur 25
Réponses sur la Carte
Les réponses sont colorées sur une échelle allant du rouge au vert en fonction du pourcentage des utilisateurs qui les ont devinées à leur premier essai. Vous pouvez retrouver ces pourcentages ci-dessous.
 
Statistiques - réponses
Catégorie Lieu Information Réponse % Correct
Genre La Nouvelle-Orléans Il s'est développé notamment grâce à des figures comme Louis Armstrong Jazz
86%
Artiste Détroit Rappeur qui a illustré les fractures sociales de la ville dans son film 8 Mile (2002) Eminem
84%
Artiste Las Vegas Artiste canadienne qui a donné des concerts exclusivement ici pendant 10 ans Céline Dion
83%
Événement Santa-Clara, CA Match sportif dont le concert de la mi-temps est devenu l'un des shows musicaux le plus attendus Super Bowl
80%
Chanson The Mamas and The Papas {California} Dreamin'
73%
Événement New York Cette chaîne TV de musique créée en 1981, a démocratisé la production de clips musicaux MTV
73%
Chanson Eddy Mitchell Sur la route de {Memphis}
72%
Événement Bethel, NY Festival hippie qui s'est tenu en 1969 Woodstock
70%
Artiste Los Angeles Groupe de funk-rock qui parle de leur "City of Angels" dans plusieurs chanson comme Californication en 1999 Red Hot Chili Peppers
69%
Ville Principal hub de la musique latine aux États-Unis Miami
62%
Artiste Saint-Louis, MO Chanteuse et danseuse qui a fait carrière à Paris, aujourd'hui au Panthéon Joséphine Baker
61%
Événement Indio, CA Festival annuel qui attire les stars dans le désert Coachella
53%
Genre Seattle Sous-genre du rock dont les principales figures sont Nirvana ou Pearl Jam Grunge
50%
Ville Capitale texane du blues, notamment grâce à légende Stevie Ray Vaughan Austin
46%
Chanson Bruce Springsteen Streets of {Philadelphia}
45%
Chanson Ray Charles {Georgia} on My Mind
44%
Ville Grand centre de l'industrie du disque et de la musique country Nashville
44%
Genre Californie Ce style de rap, dont Dr. Dre en est un ambassadeur, affiche fièrement dans son nom sa position géographique West Coast
38%
Artiste Duluth, MN Grand chanteur américain né dans une région minière du Minnesota, avant d'avancer Like a Rolling Stone (1965) Bob Dylan
36%
Événement Washington DC Cet appareil mécanique inventé en 1887 par Emile Berliner permet de jouer de la musique gravée sur des disques Gramophone
35%
Genre Chicago Style de musique électronique devenu un standard des clubs dès les années 1990 House
31%
Chanson Glen Campbell By the Time I Get to {Phoenix}
25%
Genre Atlanta Son rap qui "kick", popularisé par Gucci Mane ou les Migos Trap
24%
Ville Elle a donné son nom à une danse et une cymbale aussi nommée « hi-hat » Charleston
21%
Ville On y trouve le Rock and Roll Hall of Fame Cleveland
16%
Aucun quiz correspondant
Distribution des résultats
% des personnes avec chaque résultat
Percentile par nombre de réponses
Votre historique - résultats
Vous n’avez pas pris ce quiz